000 00563nam a2200217Ia 4500
005 20240625103336.0
008 131103s9999 xx 000 0 und d
020 _a0 86002 115 7
040 _aLoreto College
041 _aEnglish
082 _a745
_bALL
100 _aAllport, Alan J.
245 _aModel theatres
_b and how to make them
_cAlan J. Allport
260 _aGreat Britain
_bWilliam Luscombe
_c1978
300 _a96p.
_b ill.
504 _aIncludes index
650 _aDecorative arts
651 _aTheatres
850 _aLCBED
942 _cBK
999 _c30134
_d80613